Score 0/26 Timer 04:00
0 Plays Today
Album Word % Correct
__ Strings AttachedNo
96.5%
____ to BlackBack
93.3%
___ Rich or Die Tryin’Get
89.5%
____ Away with MeCome
89.4%
How to Dismantle an ______ BombAtomic
87.7%
____ la Vida ...Viva
80.9%
Dangerously in ____Love
80.3%
_____ Blood CellsWhite
78.4%
The Marshall ______ LPMathers
73.2%
American _____Idiot
66.8%
_____ Is the New LoudQuiet
65.3%
Is ____ ItThis
64.1%
___ FussHot
58.7%
Album Word % Correct
_____ ConstructionUnder
55.3%
A Grand Don’t Come for ____Free
52.1%
And Then There Was _X
49.5%
Tipping _____Point
49.4%
Songs About ____Jane
39%
_____ in A MinorSongs
37.4%
The College _______ Dropout
35.4%
_____ Hotel FoxtrotYankee
29.8%
In the ____Zone
28.2%
___ AKid
26.3%
The ____________ of MimiEmancipation
22.1%
Yoshimi Battles the Pink ______Robots
19.2%
________ SpectacularOracular
16.3%

Today's Daily Dose

Missing Word
I Hardly Know Her!

Word Ladder
Sentence Ending

Quick Pick
Female Firsts

Get the Picture
Triathlon Sports

Remove Ads.
Support Sporcle.
Get the best of Sporcle when you Go Orange. This ad-free experience offers more features, more stats, and more fun while also helping to support Sporcle. Thank you for becoming a member.

You're not logged in!

Compare scores with friends on all Sporcle quizzes.
OR
Log In

Show Comments

Extras

Top Quizzes Today


Score Distribution

Your Account Isn't Verified!

In order to create a playlist on Sporcle, you need to verify the email address you used during registration. Go to your Sporcle Settings to finish the process.

Report this User

Report this user for behavior that violates our Community Guidelines.

Details: